000 01932cam a22004094i 4500
003 PE-LiUPU
005 20250731173205.0
008 150625s1981 it r 000 0 eng d
035 _a(Sirsi) a31220
040 _aPE-LiUPU
_bspa
_cPE-LiUPU
_erda
082 0 4 _a220.487
_bN771981
_221
100 1 _aNolli, Gianfranco,
_eautor.
245 1 0 _aBiblia Novum Testamentum Graece Et Latine.
264 1 _aRoma :
_bLibreria editrice Vaticana,
_c1981.
300 _a1387 páginas ;
_c19 centímetros
336 _atext
_2rdacontent
337 _aunmediated
_2rdamedia
338 _avolume
_2rdacarrier
505 0 _aSecundum Matthaeum -- Secundum Marcum -- Secundum Lucam -- Secundum Ioannem -- actus apostolarum -- Pauli ad romanos -- Pauli ad corinthios I -- Pauli ad corinthios II -- Pauli ad Gatalas -- Pauli ad Ephesios -- Pauli ad philippenses. -Pauli ad colossences. -Pauli ad thessalonicenses I -- Pauli ad thessalonicenses I -- Pauli thessalonicenses II -- Pauli ad timotheum I -- Pauli ad Timotheum II -- Pauli ad Titum -- Pauli ad Philemonem -- Pauli ad hebraeos -- Isacobi -- Petri I -- Petri II -- Iohanns I -- Iohannis Ii -- Iohannis III -- Iudae -- Apocalipsis ioannis.
526 _aSEG42
526 _aSEG41
526 _aSEG40
526 _aSEG39
526 _aP94
526 _aP87
526 _aP86
526 _aP85
526 _aP77
526 _aP76
526 _aP35
630 _aBiblia.
_sNovum Testamentum Graece et Latine.
942 _2ddc
_cBOOK
949 _a220.487 N77 1981
_wDEWEY
_c1
_i36834
_lCCODEBUL1
_mBUL
_p20.00
_r0
_sY
_tBOOK
_u2015-06-25
_xBIBLIOTECA
_zUNKNOWN
_0COMPRA
_o.STAFF. Colección Teología
596 _a1
999 _a220.487 N77 1981
_wDEWEY
_c38751
_i36834
_d38751
_e2016-3-28
_f2021-11-11
_g5
_lCCODEBUL1
_mBUL
_n1
_p20.00
_r0
_sY
_tBOOK
_u2015-6-25
_xTEOLOGIA
_PP35
_0COMPRA
_o.STAFF. Colección Teología
980 _81
_gALBERTO SANCHEZ Responsable de Automatización